000 02171nas a2200277Ia 4500
001 R050-R9963
003 IT-CnALBA
008 170116c99999999xx |||||||||||| ||und||
040 _aIT-CnALBA
_cIT-CnALBA
041 _aPOLIGLOTTA
100 _aCUVA ARMANDO, SALESIANO
210 _aSALESIANUM
222 _aSALESIANUM
245 0 _aSALESIANUM. GENNAIO DICEMBRE 1971. ATENEO PONTIFICIO SALESIANO ROMA.
250 _a1a ed.
260 _a TO BO CT PA
_bSOCIETÀ ED. INTER.
_c1971 [1° Ed.:1971 - Ed.Ling.Originale: 1971]
300 _a706 p.
310 _aTRIMESTRALE
362 _aFascicolo: 1-4 / Anno: 33 (1971)
500 _aINDICE ANNATA. ARTICOLI. NOTE. RECENSIONI. TEOLOGIA. DIRITTO CANONICO. FILOSOFIA. PEDAGOGIA. VARIE. PAGINE DI STORIA DEL MINISTERO SUDDIACONALE ALLA MESSA PAPALE. EPIFANIO DIVORZISTA? LOI V. LA TIPOLOGIA DELL'AGNELLO PASQUALE E L'ATTESA ESCATOLOGICA IN ETA' PATRISTICA. MARTIN P. LA PNEUMATOLOGIA IN IGNAZIO DI ANTIOCHIA. QUARELLO E. PER IL SUPERAMENTO DEI CONFLITTI DI COSCIENZA. LA LITURGIA DELLA PACE NELLA LETTERA PRIMA A CLEMENTE. STELLA P. T. SENAULT E IL GIANSENISMO, DERIVAZIONI O COINCIDENZE? TRIACCA A. M. PER L'AMBIENTAZIONE DELLE FONTI LITURGICHE AMBROSIANE SINASSICO EUCARISTICHE. RIFLESSIONI TEOLOGICHE SU ALCUNI PREFAZI DEL SACRAMENTARIO BERGOMENSE.
501 _aSocietà San Paolo EM - Piazza San Paolo, 14 - 12051 ALBA (CN) (non commercial uses only) ® Copyright 2017
520 _aINDICE ANNATA. ARTICOLI. NOTE. RECENSIONI. TEOLOGIA. DIRITTO CANONICO. FILOSOFIA. PEDAGOGIA. VARIE. PAGINE DI STORIA DEL MINISTERO SUDDIACONALE ALLA MESSA PAPALE. EPIFANIO DIVORZISTA? LOI V. LA TIPOLOGIA DELL'AGNELLO PASQUALE E L'ATTESA ESCATOLOGICA IN ETA' PATRISTICA. MARTIN P. LA PNEUMATOLOGIA IN IGNAZIO DI ANTIOCHIA. QUARELLO E. PER IL SUPERAMENTO DEI CONFLITTI DI COSCIENZA. LA LITURGIA DELLA PACE NELLA LETTERA PRIMA A CLEMENTE. STELLA P. T. SENAULT E IL GIANSENISMO, DERIVAZIONI O COINCIDENZE? TRIACCA A. M. PER L'AMBIENTAZIONE DELLE FONTI LITURGICHE AMBROSIANE SINASSICO EUCARISTICHE. RIFLESSIONI TEOLOGICHE SU ALCUNI PREFAZI DEL SACRAMENTARIO BERGOMENSE.
650 _aTEOLOGIA
942 _cCR
957 _71
999 _a61530
_bNO
_g1
_c328556
_d328556